000 00413pab a2200169 454500
008 180718b2009 xxu||||| |||| 00| 0 eng d
100 _aKumar, B. Vijaya
245 _aInternet search engines in medical sciences: a study
260 _c2009
300 _ap.3-7.
362 _a2 Feb
650 _aMedical sciences
700 _aMurthy, A. Omkar
773 _aUniversity News
908 _aN
909 _a81224
999 _c81224
_d81224